Vybrané znalostní systémy SAK, SAZE, KEX /

Hlavní autor: Berka, Petr, 1959-
Korporativní autor: Vysoká škola ekonomická v Praze. Fakulta informatiky a statistiky
Jazyk: Čeština
Vydáno: Praha : Vysoká škola ekonomická, 2000
Vydání: Vyd. 2.
Témata:
Fyzický popis: 243 s. ; 29 cm
Knihy
Uloženo v:
LEADER 01464nam a2200397 a 4500
001 000481734
003 CZ BrMZK
005 20081111092912.0
007 ta
008 000115s2000 xr e p cze d
015 |a cnb000972120 
020 |a 80-245-0037-X 
035 |a (OCoLC)45371785 
040 |a BOA001  |b cze 
072 7 |a 004.8  |x Umělá inteligence  |2 Konspekt  |9 23 
072 7 |a 37.016  |x Učební osnovy. Vyučovací předměty. Učebnice  |2 Konspekt  |9 22 
080 |a 004.891  |2 MRF 
080 |a 004.82  |2 MRF 
080 |a 004.891:004.41  |2 MRF 
080 |a (075.8)  |2 MRF 
100 1 |a Berka, Petr,  |d 1959-  |7 jn20001103427  |4 aut 
245 1 0 |a Vybrané znalostní systémy SAK, SAZE, KEX /  |c Petr Berka 
250 |a Vyd. 2. 
260 |a Praha :  |b Vysoká škola ekonomická,  |c 2000 
300 |a 243 s. ;  |c 29 cm 
500 |a Určeno pro stud. na VŠE Praha 
650 0 7 |a SAK (expertní systém)  |7 ph283999  |2 czenas 
650 0 7 |a SAZE (expertní systém)  |7 ph284000  |2 czenas 
650 0 7 |a KEX (znalostní systém)  |7 ph284001  |2 czenas 
650 0 7 |a znalostní inženýrství  |7 ph127657  |2 czenas 
650 0 7 |a expertní systémy  |7 ph120114  |2 czenas 
655 7 |a učebnice vysokých škol  |7 fd133772  |2 czenas 
710 2 |a Vysoká škola ekonomická v Praze.  |b Fakulta informatiky a statistiky  |7 kn20010709399 
910 |a BOA001  |b 4-1073.503 
990 |a BK 
996 6 |b 2610116063  |c 4-1073.503  |l MZK  |r Sklad / do 1 hodiny  |n 2  |p p.v.  |w 000481734  |u 000010  |a 1  |e BOA001  |j MZK50  |s P